Visu vegetación península ibérica - Estadísticas

Estadísticas generales
  • Esta prueba ha sido intentada 3 veces
  • La puntuación promedio es 35 de 67
Estadísticas de respuestas
Nombre común Nombre científico % Correcto
abeto Abies alba
100%
arce Acer opalus
100%
madroño Arbutus unedo
100%
abedul Betula pendula
100%
Juniperus communis enebro común
100%
haya Fagus sylvatica
100%
fresno de flor Fraxinus ornus
100%
enebro de la Miera Juniperus oxycedrus
100%
sabina rastrera Juniperus sabina
100%
Madreselva Lonicera implexa
100%
pino canario Pinus canariensis
100%
pino carrasco Pinus halepensis
100%
pino negral Pinus nigra
100%
pinastre Pinus pinaster
100%
pi pinyoner Pinus pinea
100%
Lentisco Pistacia lentiscus
100%
álamo blanco Populus alba
100%
chopo Populus nigra
100%
coscoja Quercus coccifera
100%
quejigo Quercus faginea
100%
carrasca Quercus ilex
100%
roble carballo Quercus petraea
100%
roble común Quercus robur
100%
alcornoque Quercus suber
100%
tejo Taxus baccata
100%
pinsapo Abies pinsapo
67%
lleoner Celtis australis
67%
Jara blanca Cistus albidus
67%
Llorer Laurus nobilis
67%
rebollo Quercus pyrenaica
67%
Aladierno Rhamnus alaternus
67%
Romero Salvia rosmarinus
67%
Pebrella Thymus piperella
67%
castaño Castanea sativa
33%
Garrofer Ceratonia siliqua
33%
avellano Corilus avellana
33%
Espino albar Crataegus monogyna
33%
Brezo blanco Erica arborea
33%
petorrera Erica multiflora
33%
Fresno de hoja ancha Fraxinus excelsior
33%
Espígol dentat Lavandula dentata
33%
Cantueso Lavandula stoechas
33%
pino negro Pinus uncinata
33%
roble andaluz Quercus canariensis
33%
Espino negro Rhamnus lycioides
33%
Zarzaparrilla Smilax aspera
33%
Aliaga Ulex parviflorus
33%
Durillo Viburnum tinus
33%
arce común Acer campestre
0%
Jara pringosa Cystus ladanifer
0%
Estepa negra Cystus monspeliensis
0%
Carroncha Erica ciliaris
0%
Brezo de turberas Erica tetralix
0%
Brezo rojo Erica vagans
0%
Acebo Ilex aquifolium
0%
sabina negral Juniperus phoenicea
0%
sabina albar Juniperus thurifera
0%
Espígol Lavandula latifolia
0%
Alhucemilla Lavandula multifida
0%
pino albar Pinus sylvestris
0%
Endrino Prunus spinosa
0%
roble pubescente Quercus humilis
0%
Zarzamora Rubus ulmifolius
0%
mostajo Sorbus aria
0%
Esparto Stipa tenacissima
0%
Tomillo Thymus vulgaris
0%
Argomo Ulex galli
0%
No se encontraron pruebas coincidentes
Distribución de puntuación
Porcentaje de gente con cada puntuación
Porcentaje por número respondido
Historial de tus puntuaciones
No has intentado esta prueba.